书目信息 |
| 题名: |
青少年预防毒品教育读本
|
|
| 作者: | 江苏省禁毒工作领导小组办公室 编写 | |
| 分册: | ||
| 出版信息: | 南京 河海大学出版社 1998.08 |
|
| 页数: | 169页 | |
| 开本: | 32开 | |
| 丛书名: | ||
| 单 册: | ||
| 中图分类: | C913.8 | |
| 科图分类: | ||
| 主题词: | 社会生活 , 社会问题 | |
| 电子资源: | ||
| ISBN: | 7-5630-1289-3 | |
| 000 | 00694nam0 2200205 45 | |
| 001 | 0008101526 | |
| 005 | 20000810152021.5 | |
| 010 | @a7-5630-1289-3@d8.50元 | |
| 100 | @a20000810d1998 km y0chiy0120 ea | |
| 101 | 0 | @achi |
| 105 | @a z 000yy | |
| 200 | 1 | @a青少年预防毒品教育读本@AQing Shao Nian Yu Fang Du Pin Jiao Yu Du Ben@f江苏省禁毒工作领导小组办公室 编写@FJiang Su Sheng Jin Du Gong Zuo Ling Dao Xiao Zu Ban Gong Shi Bian Xie |
| 210 | @a南京@c河海大学出版社@d1998.08 | |
| 215 | @a169页@d32开 | |
| 606 | 0 | @a社会生活 |
| 606 | 0 | @a社会问题 |
| 690 | @aC913.8@v3 | |
| 701 | 0 | @a江苏省禁毒工作领导小组办公室@4编写 |
| 801 | @aCN@bPftUser@c20000810 | |
| 905 | @b102124-133@dC913.8@eY983@f10 | |
| 青少年预防毒品教育读本/江苏省禁毒工作领导小组办公室 编写.-南京:河海大学出版社,1998.08 |
| 169页;32开 |
| ISBN 7-5630-1289-3:8.50元 |
| ● |
| 相关链接 |
|
|
|
正题名:青少年预防毒品教育读本
索取号:C913.8/Y983
 
预约/预借
| 序号 | 登录号 | 条形码 | 馆藏地/架位号 | 状态 | 备注 |
| 1 | 102124 | 201021241 | 社科库509/509社科库 62排6列4层/ [索取号:C913.8/Y983] | 在馆 | |
| 2 | 102125 | 201021250 | 社科库509/509社科库 62排6列4层/ [索取号:C913.8/Y983] | 在馆 | |
| 3 | 102126 | 201021269 | 社科库509/509社科库 62排6列4层/ [索取号:C913.8/Y983] | 在馆 | |
| 4 | 102127 | 201021278 | 社科库509/509社科库 62排6列4层/ [索取号:C913.8/Y983] | 在馆 | |
| 5 | 102128 | 201021287 | 社科库509/509社科库 62排6列4层/ [索取号:C913.8/Y983] | 在馆 | |
| 6 | 102129 | 201021296 | 社科库509/509社科库 62排6列4层/ [索取号:C913.8/Y983] | 在馆 | |
| 7 | 102130 | 201021303 | 社科库509/509社科库 62排6列4层/ [索取号:C913.8/Y983] | 在馆 | |
| 8 | 102131 | 201021312 | 社科库509/509社科库 62排6列4层/ [索取号:C913.8/Y983] | 在馆 | |
| 9 | 102132 | 201021321 | 社科库509/509社科库 62排6列4层/ [索取号:C913.8/Y983] | 在馆 | |
| 10 | 102133 | 201021330 | 社科库509/509社科库 62排6列4层/ [索取号:C913.8/Y983] | 在馆 |